MARC

LEADER 00000nam0a2200000 4500
001 363658
005 20231102011618.0
035 |a (RuTPU)RU\TPU\retro\21005 
090 |a 363658 
100 |a 20211006d1980 km y0rusy50 ca 
101 0 |a rus 
102 |a GE 
105 |a a z 001zy 
200 1 |a Росписи Тимотесубани. Исследование по истории грузинской средневековой монументальной живописи  |f Е. Л. Привалова  |g  Академии наук Грузинской ССР, Институт истории грузинского искусства 
210 |a Тбилиси  |c Мецниереба  |d 1980 
215 |a 258 с.  |c ил. 
320 |a Примечания: с. 153-253 
606 1 |a Монументальная живопись  |2 stltpush  |3 (RuTPU)RU\TPU\subj\44415  |9 63740 
610 1 |a изобразительное искусство 
610 1 |a живопись 
610 1 |a Грузия 
610 1 |a история 
610 1 |a средние века 
610 1 |a памятники культуры 
610 1 |a иконография 
675 |a 75.052  |v 4 
700 1 |a Привалова  |b Е. Л.  |g Екатерина Леонидовна 
712 0 2 |a Академии наук Грузинской ССР  |b Институт истории грузинского искусства  |2 stltpush  |3 (RuTPU)RU\TPU\col\27629  |9 28793 
801 1 |a RU  |b 63413507  |c 20211006 
942 |c BK